Top 500 baby boy names in Germany 2023 - Statistics

General Stats
  • This quiz has been taken 377 times
  • The average score is 114 of 500
Answer Stats
Baby‘s Name % Correct
Leo
84%
John
83%
Jon
83%
Danny
81%
Ben
80%
Leon
80%
Alex
78%
Michael
78%
Paul
78%
Thomas
77%
Alexander
76%
Lukas
76%
Chris
75%
Jona
75%
Peter
75%
Daniel
73%
David
73%
Jack
73%
Karl
73%
Marc
72%
Tim
72%
Tom
72%
Luca
71%
Max
71%
Mohammed
70%
Nick
70%
Benjamin
69%
Christian
69%
Noah
69%
Robert
69%
Christoph
68%
Phil
68%
Henry
67%
Jan
67%
Oliver
67%
Anton
66%
Sebastian
66%
Sam
65%
Georg
63%
Julian
63%
Maxim
63%
Dean
62%
Fred
62%
Willi
62%
Andreas
61%
Jonas
61%
Nico
61%
Richard
61%
Felix
60%
Kevin
60%
Marten
60%
Martin
60%
Samu
60%
Samuel
60%
Elia
58%
Erik
58%
Hans
58%
Leonard
58%
Louis
58%
Stefan
58%
Elias
57%
Johann
57%
Ali
56%
Jonathan
55%
Maximilian
55%
Timo
55%
Adam
54%
Liam
54%
Christopher
53%
James
53%
Dennis
52%
Finn
52%
Matteo
52%
Mick
52%
Oskar
52%
Patrick
52%
Simon
52%
Theo
52%
William
52%
Emil
51%
Florian
51%
Matthias
51%
Fabian
50%
Johannes
50%
Josef
50%
Albert
49%
Bo
49%
Frederik
48%
Marco
48%
Markus
48%
Jakob
47%
Aaron
45%
Adrian
45%
Lean
45%
Mario
45%
Nathan
45%
Joshua
44%
Franz
43%
Ivan
43%
Niklas
43%
Vince
43%
Gabriel
42%
Isa
42%
Issa
42%
Lev
42%
Philipp
42%
Tobias
42%
Vincent
42%
Alfred
41%
Antoni
41%
Levi
41%
Manuel
41%
Julius
40%
Luke
40%
Damian
39%
Gregor
39%
Jannik
39%
Jason
39%
Nicolas
39%
Antonio
38%
Arthur
38%
Carlo
37%
Charlie
37%
Kai
37%
Otto
37%
Lenn
36%
Leonardo
36%
Noel
36%
Raphael
36%
Theodor
36%
Wilhelm
36%
Gustav
35%
Nikola
35%
Viktor
35%
Dominik
34%
Ian
34%
Moritz
34%
Bastian
33%
Fritz
33%
Heinrich
33%
Isaac
33%
Lars
33%
Marvin
33%
Mike
33%
Tommy
33%
Bene
32%
Brian
32%
Carlos
32%
Friedrich
32%
Hugo
32%
Marcel
32%
Nils
32%
Robin
32%
Ryan
32%
Alan
31%
Elijah
31%
Henrik
31%
Evan
30%
Lio
30%
Ludwig
30%
Ari
28%
Lorenz
28%
Matti
28%
Roman
28%
Arno
27%
Ethan
27%
Hannes
27%
Joel
27%
Jordan
27%
Kurt
27%
Laurin
27%
Linus
27%
Milo
27%
Omar
27%
Toni
27%
Jannis
26%
Lion
26%
Abdul
25%
Armin
25%
August
25%
Benedikt
25%
Ferdinand
25%
Marius
25%
Tristan
25%
Ahmad
24%
Eddy
24%
Michel
24%
Mika
24%
Dylan
23%
Elliot
23%
Emilio
23%
Valentin
23%
Eduard
22%
Emin
22%
Justus
22%
Kilian
22%
Lennard
22%
Lenny
22%
Mats
22%
Amir
21%
Emanuel
21%
Jamie
21%
Kalle
21%
Konstantin
21%
Logan
21%
Ole
21%
Aiden
20%
Bruno
20%
Colin
20%
Edgar
20%
Konrad
20%
Milan
20%
Ruben
20%
Connor
19%
Elio
19%
Erwin
19%
Hendrik
19%
Maurice
19%
Piet
19%
Abdullah
18%
Diego
18%
Ibrahim
18%
Lionel
18%
Mason
18%
Casper
17%
Darius
17%
Finley
17%
Jamal
17%
Jasper
17%
Mattia
17%
Mehmet
17%
Till
17%
Zayn
17%
Dorian
16%
Lasse
16%
Lorenzo
16%
Marlo
16%
Marlon
16%
Miles
16%
Mustafa
16%
Silas
16%
Tyler
16%
Caleb
15%
Fabio
15%
Leopold
15%
Pablo
15%
Quentin
15%
Sami
15%
Timon
15%
Torben
15%
Xaver
15%
Emilian
14%
Isaiah
14%
Janne
14%
Leander
14%
Malte
14%
Marian
14%
Miguel
14%
Romeo
14%
Rudi
14%
Arne
13%
Björn
13%
Laurenz
13%
Levin
13%
Malik
13%
Zain
13%
Bennet
12%
Can
12%
Egon
12%
Francesco
12%
Jad
12%
Josua
12%
Karim
12%
Kian
12%
Magnus
12%
Alessandro
11%
Arian
11%
Benno
11%
Devin
11%
Enzo
11%
Leonhard
11%
Lian
11%
Luan
11%
Mattis
11%
Mert
11%
Nino
11%
Nolan
11%
Yusuf
11%
Alessio
10%
Clemens
10%
Dario
10%
Flynn
10%
Hasan
10%
Henning
10%
Jayden
10%
Leandro
10%
Miro
10%
Adriano
9%
Ammar
9%
Eren
9%
Juri
9%
Klaas
9%
Lino
9%
Merlin
9%
Mikael
9%
Ömer
9%
Tino
9%
Ahmet
8%
Dante
8%
Darian
8%
Elian
8%
Fridolin
8%
Hanno
8%
Jano
8%
Leano
8%
Lennox
8%
Louie
8%
Mikkel
8%
Nikolai
8%
Otis
8%
Titus
8%
Amar
7%
Aurel
7%
Danilo
7%
Emir
7%
Hamza
7%
Jakub
7%
Jaro
7%
Korbinian
7%
Pius
7%
Amin
6%
Arda
6%
Bilal
6%
Fiete
6%
Janosch
6%
Jesper
6%
Joris
6%
Leif
6%
Luciano
6%
Lutz
6%
Mael
6%
Mio
6%
Pepe
6%
Santiago
6%
Selim
6%
Valentino
6%
Adin
5%
Aren
5%
Bela
5%
Caspar
5%
Enes
5%
Enno
5%
Hussein
5%
Jannes
5%
Leonidas
5%
Liano
5%
Lias
5%
Musa
5%
Nathanael
5%
Neo
5%
Nikita
5%
Osman
5%
Rio
5%
Sinan
5%
Thilo
5%
Tian
5%
Aris
4%
Arvid
4%
Aslan
4%
Bjarne
4%
Dion
4%
Hauke
4%
Ismail
4%
Jari
4%
Kaan
4%
Leno
4%
Nevio
4%
Quirin
4%
Rayan
4%
Rian
4%
Samir
4%
Thore
4%
Tiago
4%
Adem
3%
Alp
3%
Ansgar
3%
Arik
3%
Ilyas
3%
Ivar
3%
Jaron
3%
Jonne
3%
Kenan
3%
Kerem
3%
Kjell
3%
Loris
3%
Mahmoud
3%
Mattes
3%
Miko
3%
Nelio
3%
Nilo
3%
Vito
3%
Yasin
3%
Youssef
3%
Alwin
2%
Aras
2%
Aurelio
2%
Ayan
2%
Ayman
2%
Eliano
2%
Florentin
2%
Ilay
2%
Jonte
2%
Joscha
2%
Keanu
2%
Keno
2%
Kerim
2%
Levio
2%
Malek
2%
Matei
2%
Miran
2%
Miron
2%
Nael
2%
Ragnar
2%
Tamme
2%
Umut
2%
Yahya
2%
Yunus
2%
Zeyd
2%
Anas
1%
Andrej
1%
Aram
1%
Ares
1%
Ayaz
1%
Baran
1%
Berat
1%
Efe
1%
Ensar
1%
Eymen
1%
Jakov
1%
Jarno
1%
Jascha
1%
Joost
1%
Jorik
1%
Junis
1%
Kiano
1%
Kiyan
1%
Kuno
1%
Loki
1%
Lorik
1%
Mahir
1%
Mailo
1%
Mikail
1%
Milian
1%
Mirac
1%
Nikodem
1%
Petar
1%
Rune
1%
Salih
1%
Taavi
1%
Tammo
1%
Thies
1%
Timur
1%
Vitus
1%
Younes
1%
Zaid
1%
Alexandros
0%
Alexandru
0%
Alparslan
0%
Artjom
0%
Azad
0%
Bosse
0%
Damir
0%
Daris
0%
Diyan
0%
Ediz
0%
Giuliano
0%
Hadi
0%
Harun
0%
Ilja
0%
Imran
0%
Karam
0%
Karan
0%
Khaled
0%
Kuzey
0%
Lijan
0%
Lounis
0%
Mahdi
0%
Maleo
0%
Malio
0%
Milas
0%
Naim
0%
Noar
0%
Rejan
0%
Sanad
0%
Taha
0%
Taim
0%
Tamo
0%
Thorin
0%
Yaman
0%
Yazan
0%
No matching quizzes found
Score Distribution
Percent of People with Each Score
Percentile by Number Answered
Your Score History
You have not taken this quiz